| 000 | 00762nam a2200181 a 4500 | ||
|---|---|---|---|
| 001 | 000026632 | ||
| 005 | 20200930030326.0 | ||
| 008 | 110324s1979 dr 000 0 spa d | ||
| 040 |
_aDO-SdBNP _bspa _cBNPHU |
||
| 110 | 1 |
_aRepública Dominicana _bSecretariado Ténico de la Presidencia _bOficna Nancional de Estadística _953738 |
|
| 245 | 1 | 0 | _aEstadística industrial de la República Dominicana 1976-1977. |
| 260 |
_aSanto Domingo : _bOficina Nacional de Estadística, _c1979. _fEditora Offset |
||
| 300 |
_a158 P. ; _c28 cm. |
||
| 490 | 1 |
_aAnuario estadística industrial de la República Dominicana _vno. 24 |
|
| 500 | _aIncluye notas al pie de las páginas | ||
| 830 | 0 |
_aAnuario estadística industrial de la República Dominicana _n24 _953739 |
|
| 049 | _aBNPD | ||
| 999 |
_c26124 _d26124 |
||